[Event "European Team-ch 2007"]
[Site "Crete GRE"]
[Date "2007.11.03"]
[Round "6.19"]
[White "Antoniou, Antonis"]
[Black "Bakalarz, Mietek"]
[Result "1/2-1/2"]
[WhiteElo "2163"]
[BlackElo "2342"]
[PlyCount "52"]
[EventDate "2007.10.28"]
[EventType "team"]
[EventRounds "9"]
[EventCountry "GRE"]
[Source "lmi"]
[SourceDate "2007.10.28"]
[WhiteTeam "Cyprus"]
[BlackTeam "Luxembourg"]
[WhiteTeamCountry "CYP"]
[BlackTeamCountry "LUX"]

1. e4 e6 2. d4 d5 3. exd5 exd5 4. Bd3 c5 5. Qe2+ Be7 6. dxc5 Nf6 7. Nf3 O-O 8.
O-O Bxc5 9. Bg5 h6 10. Bh4 g5 11. Bg3 Re8 12. Qd1 Nc6 13. Nbd2 Bg4 14. Re1 Qd7
15. Nb3 Bb6 16. Be2 Ne4 17. Nfd2 Bxe2 18. Rxe2 Nxg3 19. Rxe8+ Rxe8 20. hxg3 Qf5
21. Nf3 g4 22. Nfd4 Nxd4 23. Nxd4 Qe4 24. c3 Bxd4 25. cxd4 Re6 26. Qa4 a6
1/2-1/2

[Event "European Team-ch 2007"]
[Site "Crete GRE"]
[Date "2007.11.03"]
[Round "6.19"]
[White "Brittner, Serge"]
[Black "Klerides, Paris"]
[Result "1/2-1/2"]
[WhiteElo "2274"]
[BlackElo "2183"]
[PlyCount "48"]
[EventDate "2007.10.28"]
[EventType "team"]
[EventRounds "9"]
[EventCountry "GRE"]
[Source "lmi"]
[SourceDate "2007.10.28"]
[WhiteTeam "Luxembourg"]
[BlackTeam "Cyprus"]
[WhiteTeamCountry "LUX"]
[BlackTeamCountry "CYP"]

1. d4 Nf6 2. c4 e6 3. Nc3 c5 4. d5 exd5 5. cxd5 Bd6 6. Nf3 Bc7 7. e4 d6 8. Bd3
O-O 9. h3 Re8 10. O-O a6 11. a4 Nbd7 12. Bg5 Nf8 13. Nd2 Ng6 14. Nc4 h6 15. Be3
Bd7 16. f4 b5 17. axb5 axb5 18. Rxa8 Qxa8 19. Nxd6 Bxd6 20. e5 Nxd5 21. Nxd5
Qxd5 22. Bxg6 Qc6 23. Bh5 Bf8 24. Bf3 Qc8 1/2-1/2

[Event "European Team-ch 2007"]
[Site "Crete GRE"]
[Date "2007.11.03"]
[Round "6.19"]
[White "Kassinopoullos, Doros"]
[Black "Weber, Jean-Marie"]
[Result "1/2-1/2"]
[WhiteElo "2121"]
[BlackElo "2248"]
[PlyCount "62"]
[EventDate "2007.10.28"]
[EventType "team"]
[EventRounds "9"]
[EventCountry "GRE"]
[Source "lmi"]
[SourceDate "2007.10.28"]
[WhiteTeam "Cyprus"]
[BlackTeam "Luxembourg"]
[WhiteTeamCountry "CYP"]
[BlackTeamCountry "LUX"]

1. d4 Nf6 2. c4 g6 3. Nc3 d5 4. cxd5 Nxd5 5. Na4 Bg7 6. e4 Nb6 7. Nf3 Bg4 8.
Be3 O-O 9. Nc5 Qc8 10. Be2 N8d7 11. Qc2 e6 12. h3 Bxf3 13. Bxf3 Nxc5 14. dxc5
Nd7 15. O-O Ne5 16. Be2 Nc6 17. Rad1 e5 18. Bc4 Nd4 19. Qb1 b6 20. Bxd4 exd4
21. c6 Qe8 22. Bd5 a5 23. a4 Qe7 24. f4 Rad8 25. Qa2 Qd6 26. f5 g5 27. Rd3 Bf6
28. Qc4 Qe5 29. Kh1 Rd6 30. b3 Kg7 31. Rff3 h6 1/2-1/2

[Event "European Team-ch 2007"]
[Site "Crete GRE"]
[Date "2007.11.04"]
[Round "7.1"]
[White "Bacrot, Etienne"]
[Black "Svidler, Peter"]
[Result "1/2-1/2"]
[WhiteElo "2695"]
[BlackElo "2732"]
[PlyCount "31"]
[EventDate "2007.10.28"]
[EventType "team"]
[EventRounds "9"]
[EventCountry "GRE"]
[Source "lmi"]
[SourceDate "2007.10.28"]
[WhiteTeam "France"]
[BlackTeam "Russia"]
[WhiteTeamCountry "FRA"]
[BlackTeamCountry "RUS"]

1. d4 d5 2. c4 c6 3. Nf3 Nf6 4. e3 a6 5. Bd3 Bg4 6. Nbd2 Nbd7 7. O-O e6 8. b3
Bf5 9. Qc2 Bxd3 10. Qxd3 Bd6 11. e4 dxe4 12. Nxe4 Nxe4 13. Qxe4 O-O 14. Rd1 Re8
15. Bb2 Qe7 16. h3 1/2-1/2

[Event "European Team-ch 2007"]
[Site "Crete GRE"]
[Date "2007.11.04"]
[Round "7.1"]
[White "Fressinet, Laurent"]
[Black "Grischuk, Alexander"]
[Result "1/2-1/2"]
[WhiteElo "2654"]
[BlackElo "2715"]
[PlyCount "49"]
[EventDate "2007.10.28"]
[EventType "team"]
[EventRounds "9"]
[EventCountry "GRE"]
[Source "lmi"]
[SourceDate "2007.10.28"]
[WhiteTeam "France"]
[BlackTeam "Russia"]
[WhiteTeamCountry "FRA"]
[BlackTeamCountry "RUS"]

1. e4 e5 2. Nf3 Nc6 3. Bb5 a6 4. Ba4 Nf6 5. O-O Be7 6. d3 b5 7. Bb3 d6 8. a4 b4
9. Nbd2 Na5 10. Ba2 O-O 11. c3 bxc3 12. bxc3 c5 13. d4 cxd4 14. cxd4 exd4 15.
Nxd4 Bg4 16. f3 Bd7 17. Bb2 Nc6 18. Nxc6 Bxc6 19. Bd4 Rb8 20. Rc1 Rb4 21. Bxf6
Qb6+ 22. Kh1 Bxf6 23. Nc4 Qb8 24. Qxd6 Rxa4 25. Qxc6 1/2-1/2

[Event "European Team-ch 2007"]
[Site "Crete GRE"]
[Date "2007.11.04"]
[Round "7.1"]
[White "Jakovenko, Dmitry"]
[Black "Vachier-Lagrave, Maxime"]
[Result "1/2-1/2"]
[WhiteElo "2710"]
[BlackElo "2634"]
[PlyCount "132"]
[EventDate "2007.10.28"]
[EventType "team"]
[EventRounds "9"]
[EventCountry "GRE"]
[Source "lmi"]
[SourceDate "2007.10.28"]
[WhiteTeam "Russia"]
[BlackTeam "France"]
[WhiteTeamCountry "RUS"]
[BlackTeamCountry "FRA"]

1. Nf3 Nf6 2. c4 g6 3. Nc3 d5 4. cxd5 Nxd5 5. Qa4+ Bd7 6. Qb3 Nb6 7. d4 Bg7 8.
Bf4 Be6 9. Qa3 Nc6 10. e3 O-O 11. Bb5 Nd5 12. Bg3 Ncb4 13. Rc1 c5 14. Nxd5 Qxd5
15. O-O Rfc8 16. Bc4 Qd7 17. dxc5 Bxc4 18. Rxc4 a5 19. Qb3 Rd8 20. Bh4 Qe6 21.
Ng5 Qf5 22. Rf4 Qd5 23. Rxf7 Qxb3 24. axb3 Rd5 25. e4 Rd7 26. Rf3 Ra6 27. e5
Bxe5 28. Ne4 Bxb2 29. Bg5 Re6 30. Bh6 Bg7 31. Bxg7 Kxg7 32. Nc3 Nd3 33. Na4 Re5
34. h3 Nxc5 35. Nb6 Rd3 36. Rxd3 Nxd3 37. Rd1 Rb5 38. Rxd3 Rxb6 39. Rd5 Rxb3
40. Rxa5 Rb1+ 41. Kh2 b5 42. Kg3 Rb3+ 43. Kf4 Kf6 44. Ra6+ e6 45. Rb6 g5+ 46.
Ke4 Rb1 47. g3 b4 48. h4 gxh4 49. gxh4 b3 50. Rb5 b2 51. Kf3 e5 52. Kg2 e4 53.
Rb8 Ke5 54. Rb7 Kd4 55. Rb8 Ke5 56. Rb7 Kf5 57. Rb5+ Kg4 58. Rb4 Kf4 59. Rb8
Kg4 60. Rb4 Kh5 61. Rb7 h6 62. Rb4 Re1 63. Rxb2 Kxh4 64. Rb8 Kg5 65. Rg8+ Kf6
66. Rh8 Kg7 1/2-1/2

[Event "European Team-ch 2007"]
[Site "Crete GRE"]
[Date "2007.11.04"]
[Round "7.2"]
[White "Aronian, Levon"]
[Black "Beliavsky, Alexander G"]
[Result "1/2-1/2"]
[WhiteElo "2741"]
[BlackElo "2646"]
[PlyCount "97"]
[EventDate "2007.10.28"]
[EventType "team"]
[EventRounds "9"]
[EventCountry "GRE"]
[Source "lmi"]
[SourceDate "2007.10.28"]
[WhiteTeam "Armenia"]
[BlackTeam "Slovenija"]
[WhiteTeamCountry "ARM"]
[BlackTeamCountry "SLO"]

1. d4 Nf6 2. c4 e6 3. Nf3 d5 4. g3 Be7 5. Bg2 O-O 6. O-O dxc4 7. Qc2 a6 8. Qxc4
b5 9. Qc2 Bb7 10. Bd2 Be4 11. Qc1 Bb7 12. Bf4 Bd6 13. Nbd2 Nd5 14. Nb3 Nxf4 15.
gxf4 Nd7 16. e3 Rc8 17. Rd1 c5 18. dxc5 Nxc5 19. Nxc5 Rxc5 20. Qxc5 Bxc5 21.
Rxd8 Rxd8 22. Ne5 Bxg2 23. Kxg2 Kf8 24. a4 Bd6 25. Nc6 Rc8 26. axb5 axb5 27.
Ra6 Be7 28. Kf3 Ke8 29. b3 Bd8 30. h3 Kd7 31. Nd4 Rb8 32. Ra7+ Ke8 33. Ra6 Kd7
34. Ke4 Bb6 35. Nf3 Rb7 36. Ne5+ Ke7 37. Ra8 Bc7 38. Nf3 h6 39. Rg8 Kf6 40. Ra8
b4 41. Ra6 g5 42. fxg5+ hxg5 43. Rc6 Bd8 44. Rc8 Be7 45. Nd4 Kg7 46. Nc6 Bf6
47. Rb8 Rxb8 48. Nxb8 Bc3 49. Nd7 1/2-1/2

[Event "European Team-ch 2007"]
[Site "Crete GRE"]
[Date "2007.11.04"]
[Round "7.2"]
[White "Sargissian, Gabriel"]
[Black "Tratar, Marko"]
[Result "1-0"]
[WhiteElo "2673"]
[BlackElo "2502"]
[PlyCount "81"]
[EventDate "2007.10.28"]
[EventType "team"]
[EventRounds "9"]
[EventCountry "GRE"]
[Source "lmi"]
[SourceDate "2007.10.28"]
[WhiteTeam "Armenia"]
[BlackTeam "Slovenija"]
[WhiteTeamCountry "ARM"]
[BlackTeamCountry "SLO"]

1. d4 Nf6 2. c4 g6 3. Nf3 Bg7 4. g3 O-O 5. Bg2 d6 6. O-O c6 7. Nc3 Qb6 8. h3
Qa6 9. b3 b5 10. Nd2 bxc4 11. Nxc4 Be6 12. Ne3 Nbd7 13. Bb2 Rac8 14. Qd2 Nb6
15. g4 c5 16. d5 Bd7 17. Rfc1 Rb8 18. Bf3 h6 19. Kg2 Qb7 20. Rab1 a5 21. a4 Qa8
22. h4 Bc8 23. Nb5 Bd7 24. g5 hxg5 25. hxg5 Nh7 26. Rh1 Nxg5 27. Bxg7 Kxg7 28.
Nf5+ Bxf5 29. Qxg5 Rh8 30. Nc7 Qb7 31. Qxe7 Nc8 32. Ne8+ Rxe8 33. Qxe8 Ne7 34.
Rh7+ Kxh7 35. Qxf7+ Kh6 36. Rh1+ Kg5 37. Qg7 Bg4 38. Bxg4 Rg8 39. Qh6+ Kf6 40.
Qf4+ Kg7 41. e4 1-0

[Event "European Team-ch 2007"]
[Site "Crete GRE"]
[Date "2007.11.04"]
[Round "7.2"]
[White "Lenic, Luka"]
[Black "Asrian, Karen"]
[Result "1/2-1/2"]
[WhiteElo "2531"]
[BlackElo "2623"]
[PlyCount "131"]
[EventDate "2007.10.28"]
[EventType "team"]
[EventRounds "9"]
[EventCountry "GRE"]
[Source "lmi"]
[SourceDate "2007.10.28"]
[WhiteTeam "Slovenija"]
[BlackTeam "Armenia"]
[WhiteTeamCountry "SLO"]
[BlackTeamCountry "ARM"]

1. d4 d5 2. c4 c6 3. Nf3 Nf6 4. e3 e6 5. Nc3 Nbd7 6. Qc2 Bd6 7. b3 O-O 8. Bd3
e5 9. cxd5 cxd5 10. Nb5 Bb4+ 11. Bd2 Bxd2+ 12. Nxd2 e4 13. Be2 Nb6 14. a4 Bd7
15. a5 Bxb5 16. Bxb5 Nc8 17. a6 b6 18. O-O Nd6 19. Be2 Rc8 20. Qa2 Rc6 21. Nb1
Qb8 22. Qa4 Rc2 23. Re1 Rfc8 24. Na3 Rb2 25. Rab1 Ra2 26. Ra1 Rxa1 27. Rxa1 Qc7
28. Qb4 h5 29. h3 h4 30. Qd2 g6 31. Kf1 Kf8 32. Ke1 Ke7 33. Kd1 Nfe8 34. Nc2 f5
35. Nb4 Nf6 36. Ra2 Qc3 37. Qxc3 Rxc3 38. Kd2 Rc7 39. f4 exf3 40. gxf3 g5 41.
Rc2 Rxc2+ 42. Kxc2 Kd7 43. Nd3 Kc7 44. Kc3 g4 45. Nf4 gxh3 46. Nxh3 Nh5 47. Ng5
Kd7 48. Kd2 Ng7 49. Bd3 Nge8 50. Nh3 Nc7 51. Nf4 b5 52. Bf1 Ke7 53. Ke1 Kf6 54.
Kf2 Nf7 55. Ng2 Nd6 56. Nf4 Nf7 57. Kg2 Nd8 58. Bd3 Nc6 59. Kh3 Kg5 60. Ne2 Nb4
61. Bb1 Nbxa6 62. f4+ Kf6 63. Kxh4 Nb4 64. Kg3 Ne8 65. Nc3 Nd6 66. Kf3 1/2-1/2

[Event "European Team-ch 2007"]
[Site "Crete GRE"]
[Date "2007.11.04"]
[Round "7.3"]
[White "Ivanchuk, Vassily"]
[Black "Mamedyarov, Shakhriyar"]
[Result "0-1"]
[WhiteElo "2787"]
[BlackElo "2752"]
[PlyCount "116"]
[EventDate "2007.10.28"]
[EventType "team"]
[EventRounds "9"]
[EventCountry "GRE"]
[Source "lmi"]
[SourceDate "2007.10.28"]
[WhiteTeam "Ukraine"]
[BlackTeam "Azerbaijan"]
[WhiteTeamCountry "UKR"]
[BlackTeamCountry "AZE"]

1. d4 Nf6 2. c4 g6 3. Nc3 d5 4. Qb3 dxc4 5. Qxc4 Bg7 6. e4 O-O 7. Be2 c6 8. Nf3
b5 9. Qb3 Qa5 10. Bd2 b4 11. Na4 Nxe4 12. Bxb4 Qc7 13. O-O Be6 14. Qc2 Nd6 15.
Rfd1 a5 16. Ba3 Bd5 17. Nc3 Na6 18. Rac1 Qb8 19. Ne5 Nb4 20. Bxb4 axb4 21. Nxd5
cxd5 22. Nd7 Qc8 23. Nxf8 Qxc2 24. Rxc2 Kxf8 25. b3 Ne4 26. Rd3 e6 27. Kf1 Bf6
28. g4 Ra3 29. f4 Nc3 30. Rdd2 Kg7 31. Kg2 Bh4 32. Kf1 Bd8 33. Kg2 Bh4 34. Kf1
Kg8 35. Rb2 Ra8 36. Rbc2 Ra3 37. Rb2 Kf8 38. Rbc2 Be7 39. Kg2 Kg7 40. Rb2 h6
41. Rbc2 Bd6 42. Kf3 g5 43. fxg5 hxg5 44. Bd3 f6 45. Rf2 e5 46. dxe5 fxe5 47.
Bf5 e4+ 48. Kg2 Bf4 49. h4 Kf6 50. h5 Ke5 51. h6 d4 52. h7 Ra8 53. a3 d3 54.
axb4 dxc2 55. Rxc2 Kd4 56. b5 e3 57. b6 e2 58. b7 Rh8 0-1

[Event "European Team-ch 2007"]
[Site "Crete GRE"]
[Date "2007.11.04"]
[Round "7.3"]
[White "Volokitin, Andrei"]
[Black "Gashimov, Vugar"]
[Result "1/2-1/2"]
[WhiteElo "2678"]
[BlackElo "2663"]
[PlyCount "83"]
[EventDate "2007.10.28"]
[EventType "team"]
[EventRounds "9"]
[EventCountry "GRE"]
[Source "lmi"]
[SourceDate "2007.10.28"]
[WhiteTeam "Ukraine"]
[BlackTeam "Azerbaijan"]
[WhiteTeamCountry "UKR"]
[BlackTeamCountry "AZE"]

1. e4 e5 2. Nf3 Nf6 3. Nxe5 d6 4. Nf3 Nxe4 5. Nc3 Nxc3 6. dxc3 Be7 7. Bf4 O-O
8. Qd2 Nd7 9. O-O-O Nc5 10. Be3 Re8 11. Bc4 Be6 12. Bxe6 Nxe6 13. h4 Qd7 14.
Qd5 Qc6 15. Qf5 a5 16. h5 a4 17. a3 Qc4 18. Kb1 b6 19. Bd4 Ra5 20. Qg4 h6 21.
Rhe1 Bf8 22. Nd2 Qb5 23. Ne4 Kh8 24. Ng3 Nxd4 25. cxd4 d5 26. Rxe8 Qxe8 27. Nf5
Ra8 28. Qf3 c6 29. Rd3 Qd7 30. Qg4 Rd8 31. Re3 c5 32. dxc5 d4 33. Qxd4 Qxd4 34.
Nxd4 Bxc5 35. c3 Bxd4 36. cxd4 Rxd4 37. f3 Rd2 38. g4 Rf2 39. b3 b5 40. Re5
Rf1+ 41. Kb2 Rf2+ 42. Kb1 1/2-1/2

[Event "European Team-ch 2007"]
[Site "Crete GRE"]
[Date "2007.11.04"]
[Round "7.3"]
[White "Mamedov, Rauf"]
[Black "Areshchenko, Alexander"]
[Result "1/2-1/2"]
[WhiteElo "2582"]
[BlackElo "2638"]
[PlyCount "107"]
[EventDate "2007.10.28"]
[EventType "team"]
[EventRounds "9"]
[EventCountry "GRE"]
[Source "lmi"]
[SourceDate "2007.10.28"]
[WhiteTeam "Azerbaijan"]
[BlackTeam "Ukraine"]
[WhiteTeamCountry "AZE"]
[BlackTeamCountry "UKR"]

1. c4 Nf6 2. Nc3 g6 3. g3 d5 4. cxd5 Nxd5 5. Bg2 Nb6 6. d4 Bg7 7. Nf3 Nc6 8.
Bf4 O-O 9. e3 Be6 10. O-O Nb4 11. a3 N4d5 12. Ng5 Nxf4 13. gxf4 Bc4 14. Re1 f6
15. Nf3 c6 16. Qc2 Bf7 17. Rad1 a5 18. Ne4 Qc8 19. Nc5 Nd5 20. h3 Kh8 21. Qd2
Qc7 22. Qc2 Rac8 23. Rc1 Bh6 24. Nh2 Bg7 25. Nf3 b6 26. Ne4 Qd7 27. Ng3 c5 28.
dxc5 Rxc5 29. Qd2 Rxc1 30. Rxc1 Rc8 31. Rd1 Qc7 32. Nd4 e6 33. Nge2 Bh6 34. Qd3
Bf8 35. Qb5 Qc5 36. Qa6 Rc7 37. Qd3 Kg7 38. h4 Rd7 39. Rc1 Qe7 40. Qb5 e5 41.
Nc6 Qe6 42. fxe5 Qg4 43. exf6+ Kxf6 44. Ng3 Bd6 45. Ne4+ Kg7 46. Nxd6 Rxd6 47.
Ne5 Qe6 48. Nxf7 Kxf7 49. Qc4 Ne7 50. Bf3 h5 51. b4 axb4 52. Qxb4 Qe5 53. Qe4
Qf6 54. Qc4+ 1/2-1/2

[Event "European Team-ch 2007"]
[Site "Crete GRE"]
[Date "2007.11.04"]
[Round "7.4"]
[White "Socko, Bartosz"]
[Black "Shirov, Alexei"]
[Result "1-0"]
[WhiteElo "2646"]
[BlackElo "2739"]
[PlyCount "51"]
[EventDate "2007.10.28"]
[EventType "team"]
[EventRounds "9"]
[EventCountry "GRE"]
[Source "lmi"]
[SourceDate "2007.10.28"]
[WhiteTeam "Poland"]
[BlackTeam "Espana"]
[WhiteTeamCountry "POL"]
[BlackTeamCountry "ESP"]

1. e4 c5 2. Nf3 d6 3. d4 cxd4 4. Nxd4 Nf6 5. Nc3 a6 6. Be3 e5 7. Nf3 Be7 8. Bc4
O-O 9. O-O Nc6 10. Qd3 Bg4 11. a3 Bxf3 12. gxf3 Nd7 13. b4 Nd4 14. Kg2 Rc8 15.
Ba2 Bg5 16. f4 Bh6 17. fxe5 Bxe3 18. fxe3 Nb5 19. Rxf7 Rxf7 20. Bxf7+ Kxf7 21.
Qd5+ Kg6 22. Qe6+ Kh5 23. Nd5 dxe5 24. Ne7 Nf6 25. Kh1 Nxe4 26. Qf7+ 1-0

[Event "European Team-ch 2007"]
[Site "Crete GRE"]
[Date "2007.11.04"]
[Round "7.4"]
[White "Khamrakulov, Ibragim S"]
[Black "Bartel, Mateusz"]
[Result "1/2-1/2"]
[WhiteElo "2604"]
[BlackElo "2608"]
[PlyCount "146"]
[EventDate "2007.10.28"]
[EventType "team"]
[EventRounds "9"]
[EventCountry "GRE"]
[Source "lmi"]
[SourceDate "2007.10.28"]
[WhiteTeam "Espana"]
[BlackTeam "Poland"]
[WhiteTeamCountry "ESP"]
[BlackTeamCountry "POL"]

1. e4 e6 2. d4 d5 3. Nd2 Be7 4. Ngf3 Nf6 5. Bd3 c5 6. c3 Nc6 7. O-O cxd4 8.
cxd4 dxe4 9. Nxe4 O-O 10. Be3 Nd5 11. Rc1 f5 12. Nc5 g5 13. Bb5 Ncb4 14. a3
Nxe3 15. fxe3 Nd5 16. Qd3 Bf6 17. Ne5 a6 18. Ba4 b5 19. Bb3 Qd6 20. g4 Kh8 21.
gxf5 exf5 22. Bxd5 Qxd5 23. e4 Qd6 24. exf5 Bxe5 25. dxe5 Qxe5 26. f6 Bg4 27.
Qc3 Qxc3 28. Rxc3 h6 29. h3 Be2 30. Rf2 Bh5 31. Nd7 Rf7 32. Ne5 Rfa7 33. Rf5
Kh7 34. h4 Bg6 35. Rf2 gxh4 36. Kh2 Re8 37. Rc5 Bf7 38. Kh3 b4 39. axb4 Rb7 40.
Rf4 Rd8 41. Kxh4 Rd2 42. b5 axb5 43. Rg4 Bd5 44. Rb4 Bh1 45. Rbxb5 Rh2+ 46. Kg3
Rg2+ 47. Kh3 Rxb5 48. Rxb5 Rf2 49. Rb6 Rf5 50. Re6 h5 51. Re7+ Kh6 52. f7 Bd5
53. b4 Kg5 54. b5 Rf1 55. Rd7 Be4 56. Rd8 h4 57. Rg8+ Kh5 58. Rh8+ Kg5 59. Rxh4
Bd5 60. Rg4+ Kh5 61. Kg3 Bxf7 62. Rf4 Rg1+ 63. Kf3 Bd5+ 64. Ke3 Kg5 65. Rf8 Rb1
66. Rb8 Kf5 67. Kd4 Bh1 68. b6 Ke6 69. Rh8 Rd1+ 70. Kc5 Kxe5 71. Rxh1 Rxh1 72.
b7 Rb1 73. Kc6 Rxb7 1/2-1/2

[Event "European Team-ch 2007"]
[Site "Crete GRE"]
[Date "2007.11.04"]
[Round "7.5"]
[White "Lie, Kjetil A"]
[Black "Avrukh, Boris"]
[Result "0-1"]
[WhiteElo "2563"]
[BlackElo "2641"]
[PlyCount "70"]
[EventDate "2007.10.28"]
[EventType "team"]
[EventRounds "9"]
[EventCountry "GRE"]
[Source "lmi"]
[SourceDate "2007.10.28"]
[WhiteTeam "Norway"]
[BlackTeam "Israel"]
[WhiteTeamCountry "NOR"]
[BlackTeamCountry "ISR"]

1. e4 e6 2. d4 d5 3. Nd2 c5 4. exd5 Qxd5 5. Ngf3 cxd4 6. Bc4 Qd6 7. Qe2 Nf6 8.
Nb3 Nc6 9. Bg5 a6 10. O-O-O b5 11. Bd3 Bd7 12. Kb1 Be7 13. Rhe1 Rd8 14. h3 Nd5
15. Bxe7 Qxe7 16. Nfxd4 Nxd4 17. Nxd4 Qb4 18. Nb3 O-O 19. Be4 Nf6 20. Rd4 Qe7
21. Bd3 Bc6 22. Rh4 g6 23. Nd4 Bb7 24. Qe3 Rd5 25. g4 Rfd8 26. Nf5 Qc5 27. Nh6+
Kg7 28. Qd2 Rd4 29. f4 Be4 30. Re3 Bxd3 31. cxd3 Ne4 32. Qe2 Rc8 33. Qd1 Nf2
34. Qd2 Rxd3 35. Rxd3 Nxd3 0-1

[Event "European Team-ch 2007"]
[Site "Crete GRE"]
[Date "2007.11.04"]
[Round "7.5"]
[White "Smirin, Ilia"]
[Black "Lie, Espen"]
[Result "1/2-1/2"]
[WhiteElo "2639"]
[BlackElo "2421"]
[PlyCount "98"]
[EventDate "2007.10.28"]
[EventType "team"]
[EventRounds "9"]
[EventCountry "GRE"]
[Source "lmi"]
[SourceDate "2007.10.28"]
[WhiteTeam "Israel"]
[BlackTeam "Norway"]
[WhiteTeamCountry "ISR"]
[BlackTeamCountry "NOR"]

1. e4 e5 2. Nf3 Nc6 3. Bb5 a6 4. Ba4 Nf6 5. O-O b5 6. Bb3 Bc5 7. a4 Rb8 8. c3
d6 9. d4 Bb6 10. a5 Ba7 11. h3 h6 12. Be3 exd4 13. cxd4 O-O 14. Nc3 b4 15. Ne2
d5 16. e5 Ne4 17. Nd2 Nxd2 18. Qxd2 Ne7 19. f4 c6 20. g4 f5 21. exf6 Rxf6 22.
Ng3 Rf7 23. f5 Kh8 24. Nh5 Nxf5 25. gxf5 Qh4 26. Nf4 Qg3+ 27. Ng2 Bxf5 28. Bc2
Qxh3 29. Rxf5 Rxf5 30. Bxf5 Qxf5 31. Rf1 Qg6 32. Bf4 Re8 33. Be3 b3 34. Rf2 Re4
35. Kf1 Qh5 36. Rf8+ Kh7 37. Ra8 Re7 38. Qd3+ g6 39. Rf8 Kg7 40. Rf2 Bb8 41.
Nf4 Bxf4 42. Rxf4 g5 43. Rf2 g4 44. Ke1 g3 45. Re2 Qh1+ 46. Kd2 g2 47. Bg1
Rxe2+ 48. Qxe2 Qxg1 49. Qg4+ Kf6 1/2-1/2

[Event "European Team-ch 2007"]
[Site "Crete GRE"]
[Date "2007.11.04"]
[Round "7.6"]
[White "Cheparinov, Ivan"]
[Black "Pelletier, Yannick"]
[Result "1-0"]
[WhiteElo "2670"]
[BlackElo "2609"]
[PlyCount "59"]
[EventDate "2007.10.28"]
[EventType "team"]
[EventRounds "9"]
[EventCountry "GRE"]
[Source "lmi"]
[SourceDate "2007.10.28"]
[WhiteTeam "Bulgaria"]
[BlackTeam "Switzerland"]
[WhiteTeamCountry "BUL"]
[BlackTeamCountry "SUI"]

1. e4 c5 2. Nf3 e6 3. d4 cxd4 4. Nxd4 Nc6 5. Nc3 Qc7 6. Be3 a6 7. Qd2 Nf6 8.
O-O-O Bb4 9. f3 Ne5 10. Nb3 b5 11. Kb1 Nc4 12. Bxc4 bxc4 13. Nc1 Rb8 14. Bf4 e5
15. Bg5 Qb6 16. N1e2 O-O 17. Bxf6 Ba3 18. b3 Qxf6 19. Nd5 Qd8 20. f4 exf4 21.
Qxf4 Bb7 22. Ng3 Bxd5 23. Rxd5 Rb6 24. Rhd1 cxb3 25. axb3 Qc8 26. R1d3 Rd8 27.
e5 Qc6 28. Ne4 Rb5 29. Nf6+ gxf6 30. Rd6 1-0

[Event "European Team-ch 2007"]
[Site "Crete GRE"]
[Date "2007.11.04"]
[Round "7.6"]
[White "Delchev, Aleksander"]
[Black "Gallagher, Joseph G"]
[Result "1-0"]
[WhiteElo "2613"]
[BlackElo "2497"]
[PlyCount "79"]
[EventDate "2007.10.28"]
[EventType "team"]
[EventRounds "9"]
[EventCountry "GRE"]
[Source "lmi"]
[SourceDate "2007.10.28"]
[WhiteTeam "Bulgaria"]
[BlackTeam "Switzerland"]
[WhiteTeamCountry "BUL"]
[BlackTeamCountry "SUI"]

1. d4 Nf6 2. c4 g6 3. g3 Bg7 4. Bg2 O-O 5. Nc3 d6 6. Nf3 Nbd7 7. O-O e5 8. h3
exd4 9. Nxd4 Re8 10. e4 a6 11. Re1 Rb8 12. Rb1 Ne5 13. b3 c5 14. Nc2 Be6 15. f4
Nc6 16. Bb2 h5 17. Nd5 Nh7 18. Bxg7 Kxg7 19. Qd2 b5 20. b4 Nxb4 21. Ncxb4 cxb4
22. Qxb4 bxc4 23. Qxc4 Nf6 24. Qxa6 Bxd5 25. exd5 Ra8 26. Qc4 Rxe1+ 27. Rxe1
Qb6+ 28. Kh2 Ra3 29. Re2 Qa7 30. f5 g5 31. Qc1 Kh6 32. Qb2 Kg7 33. Qd2 Kh6 34.
h4 Ng4+ 35. Kh3 Ne3 36. hxg5+ Kxg5 37. Qb4 Nxf5 38. Qf4+ Kg6 39. Be4 Qd7 40.
Rf2 1-0

[Event "European Team-ch 2007"]
[Site "Crete GRE"]
[Date "2007.11.04"]
[Round "7.6"]
[White "Landenbergue, Claude"]
[Black "Chatalbashev, Boris"]
[Result "1/2-1/2"]
[WhiteElo "2452"]
[BlackElo "2581"]
[PlyCount "80"]
[EventDate "2007.10.28"]
[EventType "team"]
[EventRounds "9"]
[EventCountry "GRE"]
[Source "lmi"]
[SourceDate "2007.10.28"]
[WhiteTeam "Switzerland"]
[BlackTeam "Bulgaria"]
[WhiteTeamCountry "SUI"]
[BlackTeamCountry "BUL"]

1. e4 g6 2. d4 Bg7 3. c4 c5 4. Nf3 d6 5. Nc3 Na6 6. Be2 Nf6 7. O-O O-O 8. d5
Nc7 9. Bf4 Bg4 10. h3 Bxf3 11. Bxf3 Re8 12. Qd2 e6 13. Rfe1 e5 14. Bg5 a6 15.
a4 a5 16. Nb5 Nxb5 17. axb5 b6 18. Ra3 Qe7 19. Bd1 Qf8 20. Qc1 Kh8 21. Rg3 Ng8
22. h4 Bh6 23. Bc2 Ra7 24. h5 Bxg5 25. Qxg5 Qh6 26. Qxh6 Nxh6 27. hxg6 hxg6 28.
f3 Kg7 29. Rh3 Ng8 30. Kf2 Nf6 31. Reh1 Raa8 32. Ke3 Nh5 33. g3 Rh8 34. Kf2
Rab8 35. R3h2 Rhe8 36. Rh3 Ra8 37. Kg2 Rg8 38. Kf2 Rae8 39. R3h2 Nf6 40. Ke3
Nh5 1/2-1/2

[Event "European Team-ch 2007"]
[Site "Crete GRE"]
[Date "2007.11.04"]
[Round "7.7"]
[White "Tiviakov, Sergei"]
[Black "Navara, David"]
[Result "1/2-1/2"]
[WhiteElo "2643"]
[BlackElo "2656"]
[PlyCount "96"]
[EventDate "2007.10.28"]
[EventType "team"]
[EventRounds "9"]
[EventCountry "GRE"]
[Source "lmi"]
[SourceDate "2007.10.28"]
[WhiteTeam "Netherlands"]
[BlackTeam "Czech Republic"]
[WhiteTeamCountry "NED"]
[BlackTeamCountry "CZE"]

1. e4 c6 2. d4 d5 3. Nd2 dxe4 4. Nxe4 Nd7 5. Nf3 Ngf6 6. Ng3 c5 7. c3 e6 8. Bd3
Be7 9. O-O O-O 10. Qe2 b6 11. Re1 Bb7 12. dxc5 Nxc5 13. Bc2 Qc7 14. c4 Rad8 15.
b3 a5 16. Bb2 Qf4 17. Be5 Bxf3 18. Bxf4 Bxe2 19. Rxe2 Bd6 20. Bd2 Rd7 21. Nf1
Na6 22. a3 Rc7 23. Bc3 Nd7 24. Nd2 Ndb8 25. Bb2 Be7 26. Rd1 Rd8 27. Nf3 Rxd1+
28. Bxd1 Nc6 29. Kf1 Nc5 30. Bc2 Rd7 31. Bc1 h6 32. Rd2 f5 33. h4 Rxd2 34. Bxd2
Kf7 35. g3 Nd7 36. Bc1 Bc5 37. Bb2 Nf6 38. Ne1 g5 39. hxg5 hxg5 40. Nd3 Bd6 41.
b4 axb4 42. axb4 Nxb4 43. Nxb4 Bxb4 44. Bxf6 Kxf6 45. f3 Ke5 46. Ba4 f4 47.
gxf4+ Kxf4 48. Ke2 Bc5 1/2-1/2

[Event "European Team-ch 2007"]
[Site "Crete GRE"]
[Date "2007.11.04"]
[Round "7.7"]
[White "Laznicka, Viktor"]
[Black "Sokolov, Ivan"]
[Result "0-1"]
[WhiteElo "2610"]
[BlackElo "2673"]
[PlyCount "76"]
[EventDate "2007.10.28"]
[EventType "team"]
[EventRounds "9"]
[EventCountry "GRE"]
[Source "lmi"]
[SourceDate "2007.10.28"]
[WhiteTeam "Czech Republic"]
[BlackTeam "Netherlands"]
[WhiteTeamCountry "CZE"]
[BlackTeamCountry "NED"]

1. d4 d5 2. c4 c6 3. Nf3 Nf6 4. e3 Bg4 5. h3 Bxf3 6. Qxf3 e6 7. Nc3 Nbd7 8. Bd2
Bb4 9. Bd3 O-O 10. O-O e5 11. cxd5 cxd5 12. Qd1 Re8 13. Qb3 Ba5 14. Rfd1 exd4
15. exd4 Nb6 16. Qb5 Bxc3 17. Bxc3 Ne4 18. Be1 Qf6 19. Bf1 Re6 20. a4 Nd6 21.
Qd3 Nbc4 22. Ra2 Rae8 23. Bb4 Nf5 24. b3 Ncd6 25. Re2 Ne4 26. Rc2 h5 27. Ba3
Nh4 28. Rdc1 g5 29. Qd1 Qg6 30. Be2 Nxf2 31. Kxf2 Qe4 32. Bf3 Qe3+ 33. Kf1 g4
34. Re2 Qf4 35. Rxe6 Rxe6 36. Rc8+ Kg7 37. Bc1 Qh2 38. Qd2 gxf3 0-1